| 000 | 00807cam a22002171 4500 | ||
|---|---|---|---|
| 001 | sa 68002975 | ||
| 003 | DLC | ||
| 005 | 20260227112448.0 | ||
| 008 | 710903s1967 ii a 00000 eng | ||
| 010 | _asa 68002975 //r86 | ||
| 025 | _aPL480:I-E-9176 | ||
| 043 | _aa-ii--- | ||
| 050 | 0 |
_aHD9506.I42 _bI5 |
|
| 082 | _a338.2/0954 | ||
| 245 | 0 | 0 |
_aIndian minerals. _c[Prepared by the Mineral Economics Division, Indian Bureau of Mines, Ministry of Mines and Metals, Nagpur] |
| 260 | 0 |
_aNew Delhi, _bDirectorate of Commercial Publicity, Ministry of Commerce, Govt. of India _c[1967] |
|
| 300 |
_ai, 64 p. (p. 51-64 advertisements) _billus. _c24 cm. |
||
| 650 | 0 |
_aMineral industries _zIndia. |
|
| 650 | 0 |
_aMines and mineral resources _zIndia. |
|
| 710 | 2 | 0 |
_aIndian Bureau of Mines. _bMineral Economics Division. |
| 999 |
_c79134 _d79134 |
||